Los indigentes: aspectos psicológicos de su rehabilitación / James P. Thompson... [et al] (Record no. 70349)

MARC details
000 -CABECERA
campo de control de longitud fija 00635nam a2200217 a 4500
005 - FECHA Y HORA DE LA ÚLTIMA TRANSACCIÓN
campo de control 20210219153158.0
008 - ELEMENTOS DE LONGITUD FIJA--INFORMACIÓN GENERAL
campo de control de longitud fija 991125n 000 0 spa u
035 ## - NÚMERO DE CONTROL DEL SISTEMA
Número de control de sistema UPN01000082474
222 ## - TÍTULO CLAVE
Título clave REVISTA LATINOAMERICANA DE PSICOLOGIA
245 ## - MENCIÓN DE TÍTULO
Título Los indigentes: aspectos psicológicos de su rehabilitación / James P. Thompson... [et al]
260 ## - PUBLICACIÓN, DISTRIBUCIÓN, ETC.
Lugar de publicación, distribución, etc. COLOMBIA
300 ## - DESCRIPCIÓN FÍSICA
Extensión 365-374
362 ## - FECHAS DE PUBLICACIÓN Y/O DESIGNACIÓN SECUENCIAL
Fecha de publicación y/o designación secuencial 1993 Vol. 25, no. 3
653 0# - TERMINO DE INDIZACION - NO CONTROLADO
Término no controlado CONDICION SOCIAL
653 0# - TERMINO DE INDIZACION - NO CONTROLADO
Término no controlado ESTADOS UNIDOS DE AMERICA
653 0# - TERMINO DE INDIZACION - NO CONTROLADO
Término no controlado INDIGENTES
653 0# - TERMINO DE INDIZACION - NO CONTROLADO
Término no controlado PROBLEMAS SOCIALES
653 0# - TERMINO DE INDIZACION - NO CONTROLADO
Término no controlado REHABILITACION
904 ## - ELEMENTOS DE DATOS D LOCAL, LDD (RLIN)
a AC
b 020285
905 ## - TIPO DE MATERIAL
Tipo de material Articulo

No items available.